The quantum theory of fields / (Record no. 19520)

MARC details
000 -LEADER
fixed length control field 01007cam a22002775ia4500
001 - CONTROL NUMBER
control field 009569086
003 - CONTROL NUMBER IDENTIFIER
control field EG-ScBUE
005 - DATE AND TIME OF LATEST TRANSACTION
control field 20250515090328.0
008 - FIXED-LENGTH DATA ELEMENTS--GENERAL INFORMATION
fixed length control field 950120s2013 enka f b 001 0 eng d
020 ## - INTERNATIONAL STANDARD BOOK NUMBER
International Standard Book Number 9780521670555 (volume 3 pbk. 9th printing)
040 ## - CATALOGING SOURCE
Original cataloging agency EG-ScBUE
Language of cataloging eng
Description conventions rda
Transcribing agency EG-ScBUE
Modifying agency EG-ScBUE
082 04 - DEWEY DECIMAL CLASSIFICATION NUMBER
Classification number 530.143
Item number WEI
Edition number 22
100 1# - MAIN ENTRY--PERSONAL NAME
Personal name Weinberg, Steven,
Dates associated with a name 1933-
Relator term author.
9 (RLIN) 23884
245 14 - TITLE STATEMENT
Title The quantum theory of fields /
Statement of responsibility, etc Steven Weinberg, University of Texas at Austin.
250 ## - EDITION STATEMENT
Edition statement Ninth printing.
264 #1 - PUBLICATION, DISTRIBUTION, ETC. (IMPRINT)
Place of publication, distribution, etc Cambridge :
Name of publisher, distributor, etc Cambridge University Press,
Date of publication, distribution, etc 2013.
300 ## - PHYSICAL DESCRIPTION
Extent 3 volumes :
Other physical details illustrations ;
Dimensions 25 cm
336 ## - CONTENT TYPE
Source rdacontent
Content type term text
Content type code txt
337 ## - MEDIA TYPE
Source rdamedia
Media type term unmediated
Media type code n
338 ## - CARRIER TYPE
Source rdacarrier
Carrier type term volume
Carrier type code nc
504 ## - BIBLIOGRAPHY, ETC. NOTE
Bibliography, etc Includes bibliographical references and index.
505 0# - FORMATTED CONTENTS NOTE
Formatted contents note Volume 1. Foundations -- Volume 2. Modern applications -- Volume 3. Supersymmetry.
650 #7 - SUBJECT ADDED ENTRY--TOPICAL TERM
Topical term or geographic name as entry element Quantum field theory.
Source of heading or term BUEsh
655 ## - INDEX TERM--GENRE/FORM
Form subdivision Reading book
942 ## - ADDED ENTRY ELEMENTS (KOHA)
Source of classification or shelving scheme Dewey Decimal Classification
Koha item type Book - Borrowing
Holdings
Withdrawn status Lost status Source of classification or shelving scheme Damaged status Not for loan Collection code Home library Current library Shelving location Date acquired Source of acquisition Total Checkouts Full call number Barcode Date last seen Koha item type Public note Total Renewals Checked out Date checked out
    Dewey Decimal Classification     Baccah Central Library Central Library First floor 09/06/2015 Purchase   530.143 WEI 000038488 15/07/2025 Book - Borrowing VOL. 3.      
    Dewey Decimal Classification     Baccah Central Library Central Library First floor 10/06/2015 Purchase 1 530.143 WEI 000038474 11/01/2017 Book - Borrowing VOL. 2. 32 16/03/2020 11/01/2017
    Dewey Decimal Classification     Baccah Central Library Central Library First floor 10/06/2015 Purchase 1 530.143 WEI 000038473 11/01/2017 Book - Borrowing VOL. 1. 32 16/03/2020 11/01/2017